Normal view
MARC view
- Jain, S.S
Entry Personal Name
001 - CONTROL NUMBER
- control field: 7227
003 - CONTROL NUMBER IDENTIFIER
- control field: OSt
005 - DATE AND TIME OF LATEST TRANSACTION
- control field: 20250222125630.0
008 - FIXED-LENGTH DATA ELEMENTS
- fixed length control field: 250222|| aca||aabn | a|a d
040 ## - CATALOGING SOURCE
- Original cataloging agency: OSt
- Transcribing agency: OSt
100 ## - HEADING--PERSONAL NAME
- Personal name: Jain, S.S
670 ## - SOURCE DATA FOUND
- Source citation: Work cat.: (OSt)12925: Rathore, S.S . 7226, Practical guide book for enviormental management in mines: Labory Manual , 2004.
